Guess That Conan Gray Song!!! Vol 12 - Statistics

General Stats
  • This quiz has been taken 18 times
  • The average score is 242 of 300
Answer Stats
Lyrics % Correct
a
100%
I
100%
(I
100%
the
100%
you
100%
and
92%
And
92%
be
92%
it
92%
on
92%
we
92%
We
92%
when
92%
When
92%
who
92%
Why
92%
would
92%
been
83%
But
83%
but
83%
did
83%
ever
83%
free
83%
had
83%
have
83%
in
83%
league
83%
leave?
83%
Little
83%
me
83%
my
83%
no
83%
our
83%
out
83%
that
83%
to
83%
was
83%
were
83%
what
83%
where
83%
younger
83%
younger)
83%
act
75%
age
75%
'Cause
75%
Could
75%
day
75%
didn't
75%
Do
75%
do
75%
don't
75%
everybody's
75%
everything
75%
feeling
75%
hearts
75%
how
75%
I've
75%
know
75%
lately
75%
now
75%
of
75%
one
75%
remember
75%
sleeves
75%
strange
75%
telling
75%
time
75%
wild,
75%
wish
75%
with
75%
With
75%
wore
75%
Yeah,
75%
all
67%
anything
67%
away
67%
back
67%
block?
67%
called
67%
chance,
67%
class
67%
cops
67%
dumb,
67%
fade
67%
friends
67%
get
67%
Get
67%
go?
67%
going
67%
grass
67%
home
67%
lay
67%
Messing
67%
move
67%
never
67%
nobody's
67%
old
67%
rewind?
67%
street
67%
swore
67%
Swore
67%
talking
67%
thought
67%
through
67%
watching
67%
We'd
67%
we'd
67%
another
58%
days
58%
five
58%
I'm
58%
interstate
58%
neighbors
58%
ninety
58%
snuck
58%
Standing
58%
take
58%
right
50%
Coulda
25%
No matching quizzes found
Score Distribution
Percent of People with Each Score
Percentile by Number Answered
Your Score History
You have not taken this quiz